00835nam a22001697a 4500008004100000040005500041080002400096245023400120260005000354300001400404650002300418653001800441700002800459942001200487999001700499952014900516230328b |||||||| |||| 00| 0 eng d aNational Science LibrarycNational Science Library a541.49(082.2)bL7.2 aMetal-ligand interactions in organic chemistry and biochemistry c/D. Reidel Publishing Company, Proceedings of the ninth Jerusalem symposium on Quantum Chemistry and biochemistry held in Jerusalem, 29-2 March - April 1976 Part-2 aU.S.A.,bD. Reidel Publishing Company, c1977 ax, 396p.  aOrganic chemistry  aBiochemistry  aPullman, Bernard (Ed.)  2udccBK c16155d16155 00102udc406541490822_L7270923965aNSLbNSLcGF/Rk-4/C-14/R-2d1978-03-07l0o541.49(082.2) L7.2p87333r2023-03-28 00:00:00w2023-03-28yBK